[Event "Oberliga Nord N 1819"]
[Site "Germany"]
[Date "2018.12.16"]
[Round "4.2"]
[White "Seres, Lajos"]
[Black "Hawellek, Jeronimo"]
[Result "1-0"]
[WhiteElo "2429"]
[BlackElo "2280"]
[PlyCount "121"]
[EventDate "2018.10.21"]
[EventType "team-tourn"]
[EventRounds "9"]
[EventCountry "GER"]
[SourceTitle "EXT 2020"]
[Source "ChessBase"]
[SourceDate "2019.10.17"]
[SourceVersion "1"]
[SourceVersionDate "2019.10.17"]
[SourceQuality "1"]
[WhiteTeam "Schwerin SF"]
[BlackTeam "Marmstorf"]
[WhiteTeamCountry "GER"]
[BlackTeamCountry "GER"]

1. d4 f5 2. Nf3 e6 3. c4 Nf6 4. g3 d6 5. Bg2 Be7 6. 0-0 0-0 7. Nc3 Ne4 8. Nxe4 fxe4 9. Ne1 d5 10. Be3 Nc6 11. Rc1 Na5 12. b3 b6 13. cxd5 exd5 14. Qd2 Bf5 15. f3 Ba3 16. Rd1 Qe7 17. Bg5 Qe6 18. Bf4 c6 19. Nc2 Bd6 20. Bxd6 Qxd6 21. Ne3 Bg6 22. Ng4 Rad8 23. Ne5 Bf5 24. Qe3 Rc8 25. fxe4 Bxe4 26. Bxe4 dxe4 27. b4 Nb7 28. Qb3+ Qd5 29. Nxc6 Qxb3 30. Ne7+ Kh8 31. axb3 Rxf1+ 32. Rxf1 Re8 33. Rc1 Nd6 34. Rc7 Nb5 35. Rd7 h6 36. Kf2 Nxd4 37. Rxd4 Rxe7 38. Ke3 Rc7 39. Rc4 Rd7 40. Rxe4 Rd1 41. Kf4 Kg8 42. Ke5 Rd2 43. Ke6 Rb2 44. Re3 Rd2 45. Ke5 Kf7 46. b5 g5 47. h3 Kg6 48. g4 h5 49. b4 Rb2 50. gxh5+ Kxh5 51. Re4 Rd2 52. Kf6 Rd6+ 53. Re6 Rd4 54. e4 Rxb4 55. Re8 Kh4 56. Rh8+ Kg3 57. e5 g4 58. hxg4 Rf4+ 59. Ke7 Rxg4 60. e6 Kf4 61. Kf6 1-0

[Event "Oberliga Nord N 1617"]
[Site "Germany"]
[Date "2017.02.05"]
[Round "5.2"]
[White "Kololli, Martin"]
[Black "Hawellek, Jeronimo"]
[Result "1/2-1/2"]
[WhiteElo "2204"]
[BlackElo "2330"]
[PlyCount "85"]
[EventDate "2016.10.16"]
[EventType "team-tourn"]
[EventRounds "9"]
[EventCountry "GER"]
[SourceTitle "EXT 2018"]
[Source "ChessBase"]
[SourceDate "2017.10.13"]
[SourceVersion "1"]
[SourceVersionDate "2017.10.13"]
[SourceQuality "1"]
[WhiteTeam "Luebeck"]
[BlackTeam "Marmstorf"]
[WhiteTeamCountry "GER"]
[BlackTeamCountry "GER"]

1. f4 g6 2. Nf3 Bg7 3. g3 d5 4. Bg2 Nh6 5. 0-0 0-0 6. Qe1 c6 7. c3 Nd7 8. d3 b6 9. Na3 a5 10. Nc2 Qc7 11. Nh4 Nc5 12. h3 Bd7 13. Be3 Qd6 14. Nd4 f6 15. Nb3 Na4 16. Qd2 Nf5 17. Nxf5 Bxf5 18. d4 h5 19. Nc1 b5 20. b3 Nb6 21. Nd3 Nd7 22. a4 bxa4 23. Rxa4 Nb6 24. Ra2 a4 25. bxa4 Rxa4 26. Rxa4 Nxa4 27. Rb1 Qa3 28. Qc2 Nxc3 29. Rb3 Qa1+ 30. Kh2 Ne4 31. Qxc6 Qd1 32. Rb2 e6 33. Bxe4 dxe4 34. Nf2 Qe1 35. Kg2 e5 36. dxe5 fxe5 37. fxe5 Kh7 38. g4 hxg4 39. hxg4 Bxg4 40. Nxg4 Qf1+ 41. Kg3 Qe1+ 42. Kg2 Qf1+ 43. Kg3 1/2-1/2

[Event "Oberliga Nord N 1617"]
[Site "Germany"]
[Date "2017.01.15"]
[Round "4.2"]
[White "Hawellek, Jeronimo"]
[Black "Bente, Bjoern"]
[Result "0-1"]
[WhiteElo "2330"]
[BlackElo "2294"]
[PlyCount "80"]
[EventDate "2016.10.16"]
[EventType "team-tourn"]
[EventRounds "9"]
[EventCountry "GER"]
[SourceTitle "EXT 2018"]
[Source "ChessBase"]
[SourceDate "2017.10.13"]
[SourceVersion "1"]
[SourceVersionDate "2017.10.13"]
[SourceQuality "1"]
[WhiteTeam "Marmstorf"]
[BlackTeam "Hamburger SK"]
[WhiteTeamCountry "GER"]
[BlackTeamCountry "GER"]

1. d4 Nf6 2. c4 g6 3. Nc3 Bg7 4. g3 0-0 5. Bg2 d6 6. Nf3 c6 7. 0-0 Bf5 8. Nh4 Be6 9. d5 cxd5 10. cxd5 Bd7 11. Be3 Na6 12. a3 Ng4 13. Bd4 Bxd4 14. Qxd4 Nc5 15. Rad1 a5 16. b4 Nb3 17. Qc4 a4 18. Nxa4 Ne5 19. Qxb3 Bxa4 20. Qe3 Bxd1 21. Rxd1 Qd7 22. h3 Rfc8 23. Kh2 Qa4 24. Ra1 Qc2 25. f4 Qb2 26. Rf1 Rxa3 27. Qb6 Qc3 28. Nf3 Nc4 29. Qxb7 Ne3 30. Rb1 Nxg2 31. Kxg2 Qc2 32. Rb2 Qxb2 33. Qxc8+ Kg7 34. Qc4 Rb3 35. Qd4+ Qxd4 36. Nxd4 Rxb4 37. e3 Rc4 38. Kf3 Rc5 39. e4 Rc3+ 40. Kg2 Rd3 0-1

[Event "Oberliga Nord N 1516"]
[Site "Germany"]
[Date "2015.11.15"]
[Round "3.2"]
[White "Hawellek, Jeronimo"]
[Black "Hoi, Carsten"]
[Result "1/2-1/2"]
[WhiteElo "2341"]
[BlackElo "2377"]
[PlyCount "40"]
[EventDate "2015.09.20"]
[EventType "team-tourn"]
[EventRounds "9"]
[EventCountry "GER"]
[SourceTitle "CBM 170 Extra"]
[Source "ChessBase"]
[SourceDate "2016.02.25"]
[SourceVersion "1"]
[SourceVersionDate "2016.02.25"]
[SourceQuality "1"]
[WhiteTeam "Marmstorf"]
[BlackTeam "Kiel Turm"]
[WhiteTeamCountry "GER"]
[BlackTeamCountry "GER"]

1. d4 d5 2. c4 dxc4 3. Nf3 Nf6 4. e3 Bg4 5. Bxc4 e6 6. h3 Bh5 7. Nc3 a6 8. g4 Bg6 9. Ne5 Nbd7 10. Nxg6 hxg6 11. Bf1 c6 12. Bg2 Qc7 13. f4 0-0-0 14. Qf3 Nb6 15. 0-0 Be7 16. b3 Nfd5 17. Bd2 Nxc3 18. Bxc3 Nd5 19. Rac1 Kb8 20. Bd2 f5 1/2-1/2

[Event "Kiel op 21th"]
[Site "Kiel"]
[Date "2008.09.13"]
[Round "2"]
[White "Hawellek, Jeronimo"]
[Black "Ghadimi, Mohammed Reza"]
[Result "1-0"]
[WhiteElo "2311"]
[BlackElo "2096"]
[PlyCount "31"]
[EventDate "2008.08.09"]
[EventType "swiss"]
[EventRounds "9"]
[EventCountry "GER"]
[SourceTitle "EXT 2009"]
[Source "ChessBase"]
[SourceDate "2008.11.26"]
[SourceVersion "1"]
[SourceVersionDate "2008.11.26"]
[SourceQuality "1"]

1. d4 g6 2. e4 Bg7 3. Nf3 c5 4. d5 d6 5. a4 Nh6 6. Na3 f5 7. Bb5+ Kf8 8. e5 Ng4 9. e6 h6 10. Nh4 Ne5 11. f4 Bf6 12. Nxf5 gxf5 13. fxe5 dxe5 14. Qh5 Rh7 15. Qg6 Qxd5 16. Bxh6+ 1-0

[Event "Harburg-chA 5th"]
[Site "Hamburg"]
[Date "2007.07.07"]
[Round "2"]
[White "Hawellek, Jeronimo"]
[Black "Porth, Hartmut"]
[Result "1/2-1/2"]
[WhiteElo "2305"]
[BlackElo "2158"]
[PlyCount "50"]
[EventDate "2007.07.06"]
[EventType "tourn"]
[EventRounds "5"]
[EventCountry "GER"]
[SourceTitle "EXT 2008"]
[Source "ChessBase"]
[SourceDate "2007.11.25"]
[SourceVersion "1"]
[SourceVersionDate "2007.11.25"]
[SourceQuality "1"]

1. d4 Nc6 2. d5 Ne5 3. e4 e6 4. f4 Ng6 5. dxe6 dxe6 6. Bd3 Bc5 7. Nf3 Nf6 8. Qe2 0-0 9. g3 e5 10. f5 Ne7 11. Bg5 Nc6 12. c3 Be7 13. Nbd2 Nd7 14. Be3 Bc5 15. g4 Bxe3 16. Qxe3 Qe7 17. Nb3 a5 18. a4 b6 19. Rd1 Ncb8 20. g5 Na6 21. Kf2 Nac5 22. Nxc5 Nxc5 23. Bc2 Bb7 24. Rd2 Bc6 25. b3 Rad8 1/2-1/2

[Event "Harburg-chA 4th"]
[Site "Hamburg"]
[Date "2006.08.12"]
[Round "3"]
[White "Hawellek, Jeronimo"]
[Black "Reddmann, Hauke"]
[Result "1/2-1/2"]
[WhiteElo "2302"]
[BlackElo "2331"]
[PlyCount "47"]
[EventDate "2006.08.??"]
[EventType "tourn"]
[EventRounds "5"]
[EventCountry "GER"]
[SourceTitle "EXT 2008"]
[Source "ChessBase"]
[SourceDate "2007.11.25"]
[SourceVersion "1"]
[SourceVersionDate "2007.11.25"]
[SourceQuality "1"]

1. d4 Nf6 2. c4 e6 3. Nc3 Bb4 4. Nf3 Bxc3+ 5. bxc3 d6 6. Bg5 h6 7. Bh4 Nbd7 8. Nd2 e5 9. e4 Qe7 10. f3 Nf8 11. Bf2 b6 12. Bd3 Ng6 13. g3 Bh3 14. Qa4+ Qd7 15. Qxd7+ Bxd7 16. a4 0-0 17. Ke2 Ne7 18. a5 Nc6 19. Nb3 Rfb8 20. Rhb1 Kf8 21. Kd2 Ke7 22. Ra3 Bc8 23. Rba1 Bb7 24. Re1 1/2-1/2

[Event "Harburg-chA 3rd"]
[Site "Hamburg"]
[Date "2005.06.26"]
[Round "4"]
[White "Bach, Matthias"]
[Black "Hawellek, Jeronimo"]
[Result "0-1"]
[WhiteElo "2266"]
[BlackElo "2236"]
[PlyCount "78"]
[EventDate "2005.06.??"]
[EventType "tourn"]
[EventRounds "5"]
[EventCountry "GER"]
[EventCategory "1"]
[SourceTitle "EXT 2006"]
[Source "ChessBase"]
[SourceDate "2005.11.24"]
[SourceVersion "1"]
[SourceVersionDate "2005.11.24"]
[SourceQuality "1"]

1. d4 Nf6 2. c4 e6 3. g3 c5 4. Nf3 cxd4 5. Nxd4 Nc6 6. Bg2 Qb6 7. Nc2 Be7 8. Nc3 0-0 9. 0-0 d6 10. b3 a6 11. e4 Qc7 12. Qe2 b6 13. Rd1 Bb7 14. Bb2 Rad8 15. Ne3 Ne5 16. Rd2 Rfe8 17. Rad1 Ned7 18. f4 Bf8 19. Ng4 Nxg4 20. Qxg4 b5 21. cxb5 axb5 22. Kh1 Qa5 23. Qg5 Nc5 24. Rd4 b4 25. Na4 f6 26. Qh5 e5 27. fxe5 dxe5 28. Rd5 Bxd5 29. exd5 Nxa4 30. bxa4 e4 31. Qf5 Qxa4 32. Ra1 Qc2 33. Bd4 Qd3 34. Bb6 Rxd5 35. Qg4 Rg5 36. Qh4 e3 37. Re1 Qc3 38. g4 Rxg4 39. Bd5+ Kh8 0-1

[Event "Harburg-ch MC 1st"]
[Site "Hamburg"]
[Date "2003.06.20"]
[Round "1"]
[White "Hawellek, Jeronimo"]
[Black "Reddmann, Hauke"]
[Result "1/2-1/2"]
[WhiteElo "2211"]
[BlackElo "2331"]
[PlyCount "57"]
[EventDate "2003.06.20"]
[EventType "tourn"]
[EventRounds "5"]
[EventCountry "GER"]
[SourceTitle "EXT 2005"]
[Source "ChessBase"]
[SourceDate "2004.11.15"]
[SourceVersion "1"]
[SourceVersionDate "2004.11.15"]
[SourceQuality "1"]

1. d4 Nf6 2. c4 e6 3. Nf3 Bb4+ 4. Bd2 Qe7 5. g3 0-0 6. Bg2 Bxd2+ 7. Qxd2 Ne4 8. Qc2 Qb4+ 9. Nfd2 Nxd2 10. Nxd2 Nc6 11. e3 Qe7 12. 0-0 d6 13. Rac1 Bd7 14. a3 Nd8 15. c5 Bc6 16. e4 Bb5 17. Rfe1 Nc6 18. Nf3 a5 19. d5 Ne5 20. cxd6 Nxf3+ 21. Bxf3 cxd6 22. Qc7 Qf6 23. Kg2 exd5 24. exd5 Ba6 25. Qb6 a4 26. Re3 Rfe8 27. Rce1 Rxe3 28. Rxe3 g6 29. Qb4 1/2-1/2